Načítá se...

Kazhutha(കഴുത): kathakal(കഥകള്‍)/

Podrobná bibliografie
Hlavní autor: Rahman Vadanappally(റഹ്മാ൯ വാടാനപ്പള്ളി)
Médium: Printed Book
Vydáno: Thrissur: Rahman Vadanappally, 2009.
Témata:
LEADER 00712 a2200145 4500
999 |c 86849  |d 86849 
020 |a 9780000107923 
082 |a M A301 RAH5/K  |b P9 
100 |a Rahman Vadanappally(റഹ്മാ൯ വാടാനപ്പള്ളി).  |9 50647 
245 |a Kazhutha(കഴുത):  |b kathakal(കഥകള്‍)/  |c Rahman Vadanappally(റഹ്മാ൯ വാടാനപ്പള്ളി). 
260 |a Thrissur:  |b Rahman Vadanappally,  |c 2009. 
300 |a 69 p. 
650 |a Short stories, Malayalam.  |9 51009 
942 |c BK 
952 |0 0  |1 0  |4 0  |6 M_A301_RAH5_K_P9  |7 0  |8 MAL  |9 79186  |a MGUL  |b MGUL  |c GEN  |d 2016-04-01  |e Mathrubhumi Books Bill No 451 dated 03.03.2016  |g 50.00  |l 1  |o M A301 RAH5/K P9  |p 54730  |r 2017-06-27  |s 2017-06-22  |y BK